| 000 | 01179nam a22002655a 4500 | ||
|---|---|---|---|
| 999 |
_c26173 _d26145 |
||
| 003 | OSt | ||
| 005 | 20201025101304.0 | ||
| 008 | 180226s1997 ua a grb 000 0 ara d | ||
| 017 | _a97 / 13772 | ||
| 020 | _a9770094706 | ||
| 040 |
_aEG-ScBUE _bara _cEG-ScBUE |
||
| 082 | 0 | 4 |
_a297.216 _bش ا هـ _222 |
| 100 | 1 | _aشاهين، حسين. | |
| 245 | 1 | 0 |
_aرحلة إلى مملكة إبليس / _cحسين شاهين. |
| 260 |
_aالقاهرة : _bحسين شاهين، _c[1997] |
||
| 300 |
_a302 ص. ؛ _c24 سم. |
||
| 504 | _aيشتمل على إرجاعات ببليوجرافية. | ||
| 520 | _aمشروعية الاستعانة بالجن في العلاج -- الجن العاشق وطبيبة الإسكندرية -- رفضت لقاء زوجها من أجل الجن -- إختفاء فتاة الجان -- عاشت 22 يوما بدون أكل ولا ماء -- قاهر العفاريت وجلسة التحدي بقناة الأوربت. | ||
| 650 | 7 |
_aالعلاج بالقرآن. _2BUEsh |
|
| 650 | 7 |
_aالشياطين والجان. _2BUEsh _915076 |
|
| 650 | 7 |
_aالعلاج الديني. _2BUEsh |
|
| 651 | _2BUEsh | ||
| 653 |
_bGGEN _cFebruary2018 |
||
| 942 | _2ddc | ||